Rota - Maria Konopnicka - tekst - Statystyki

Ogólne statystyki
  • Ten quiz został rozwiązany 1 884 razy
  • Średni wynik to 77 z 111
Statystyki odpowiedzi
Odpowiedź % Poprawnych
Ni
99%
Na
98%
na
98%
Nie
98%
nam
93%
w
93%
z
93%
nas
91%
ród,
90%
będzie
89%
nasz
88%
nasz,
88%
Niemiec
88%
i
87%
pluł
87%
ziemi,
87%
damy
86%
damy,
86%
my
86%
Polski
86%
polski
86%
skąd
86%
Do
85%
rzucim
85%
twarz,
85%
Bóg!
84%
naród,
84%
Tak
84%
dopomóż
82%
dzieci
82%
germanił!
82%
mowy,
80%
piastowy.
79%
Królewski
77%
by
76%
szczep
76%
pogrześć
72%
wróg!
72%
krwi
68%
Duch
67%
gnębił
67%
ostatniej
67%
kropli
66%
będziemy
65%
żył
64%
Bronić
63%
się
62%
zawierucha.
62%
ducha,
61%
lud,
61%
Krzyżacka
60%
proch
60%
pył
60%
59%
rozpadnie
56%
hetmanił.
53%
każdy
52%
Twierdzą
49%
róg.
48%
hufiec
47%
próg.
46%
Orężny
40%
złoty
36%
zabrzmi
34%
gdy
33%
Pójdziem,
33%
pójdziem
33%
wstanie
30%
zgnieść,
24%
miana
22%
trumnę.
19%
żywo
19%
cześć
18%
jej
17%
imię,
16%
czoła
14%
dumne.
12%
dziadów
11%
wnuk.
11%
Odzyska
10%
ziemię
10%
Podnosim
9%
Nie znaleziono quizów pasujących do podanych kryteriów
Rozkład punktacji
Procent ludzi z każdym wynikiem
Percentyl według liczby udzielonych odpowiedzi
Twoja historia wyników
Nie rozwiązałeś tego quizu